Normal view
MARC view
Entry Personal Name
001 - CONTROL NUMBER
- control field: 52604
003 - CONTROL NUMBER IDENTIFIER
- control field: ARRUPE
005 - DATE AND TIME OF LATEST TRANSACTION
- control field: 20240402111832.0
008 - FIXED-LENGTH DATA ELEMENTS
- fixed length control field: 240402|| aca||aabn | a|a d
040 ## - CATALOGING SOURCE
- Original cataloging agency: ARRUPE
- Transcribing agency: ARRUPE
100 ## - HEADING--PERSONAL NAME
- Personal name: Stanwick, Sarah D.
- Fuller form of name: (Sarah Dunn)
670 ## - SOURCE DATA FOUND
- Source citation: Work cat.: (ARRUPE)131852: Stanwick, Peter Allen, author. 52603, Understanding business ethics /, 2016